Tik-tak blok 2000

Bibliographic Details
Other Authors: Lehotská, Daniela (Illustrator), Jantáková, Katarína (upr), Randák, Miloš (nob), Olexová, Danica, 1976-2019 (nob)
Format: Book
Language:Slovak
PhysicalDescription:[128] s. ilustr. 15x11 cm
Published: Bratislava eRko - Hnutie kresťanských spoločenstiev detí 1999
ISBN:8088710316
Subjects:

MARC

LEADER 00000nam a2200000 a 4500
001 vtls001385538
003 SK-MaSNL
005 20260302092303.0
008 160318s1999 xo r 0 slo
015 |a SNBG2000/02-00325 
020 |a 8088710316 
035 |a SNK000339669 
040 |a SNK  |b slo  |c SNK  |e AACR2 
041 0 |a slo 
044 |a xo  |c SK 
080 |a 058(084)"2000"  |2 1981 
245 1 |a Tik-tak blok 2000  |h grafika  |c ilustrovala Daniela Lehotská ; pripravila Katarína Jantáková ; obálku ilustroval Miloš Randák ; farebné spracovanie obálky Danica Olexová 
260 |a Bratislava  |b eRko - Hnutie kresťanských spoločenstiev detí  |c 1999 
300 |a [128] s.  |b ilustr.  |c 15x11 cm 
650 0 7 |a diáre  |y 2000  |2 SNK  |9 761825 
700 1 |a Lehotská, Daniela  |4 ill  |9 405329 
700 1 |a Jantáková, Katarína  |4 upr  |9 275118 
700 1 |a Randák, Miloš  |4 nob  |9 295773 
700 1 |a Olexová, Danica,  |d 1976-2019  |4 nob  |9 217440 
919 |a 80-88710-31-6 
958 |a GKH 
958 |a TL 
958 |a DB 
999 |c 1204071  |d 1206001 
952 |t P60, <03>, [BOOK], {603}  |a SNK  |b SNK  |y PREZ  |7 0  |p 17A0232722  |o snkOSE 3187/2000  |i snkKSP 3345/2000  |0 0  |1 0  |4 0  |d 2000-03-24  |l 0  |r 2005-01-02 00:00:00  |w 2026-02-24 
952 |t P60, <04>, [BOOK], {604}  |a SNK  |b SNK  |y VYP  |7 0  |p 17A0232723  |o snkOSE 3187/2000 D1  |i snkKSP 3346/2000  |0 0  |1 0  |4 0  |d 2000-03-24  |l 0  |r 2005-01-02 00:00:00  |w 2026-02-24